Biblioteka Instytutu Północnego w Olsztynie

Widok standardowy Widok MARC

Pozycja Corporate Name

Liczba rekordów, w których użyto hasła: 16

001 - Numer kontrolny

  • control field: 12605

003 - Identyfikator numeru kontrolnego

  • control field: NUKAT

005 - Data i czas ostatniej modyfikacji

  • control field: 20250923220014.0

008 - Dane kontrolne kodowane (40 znaków)

  • fixed length control field: 060105n||a|znnaabn |a ana |c

010 ## - Numer kontrolny Biblioteki Kongresu

  • numer kontrolny LC: n 2006050127

024 7# - OTHER STANDARD IDENTIFIER

  • Standard number or code: 151487054
  • Source of number or code: viaf
  • : http://viaf.org/viaf/151487054

024 7# - OTHER STANDARD IDENTIFIER

  • Standard number or code: Q9379183
  • Source of number or code: wikidata
  • : http://www.wikidata.org/entity/Q9379183

040 ## - Instytucja sporządzająca rekord

  • inst. przygot. dane do rek. khw: WR O/KK
  • język haseł przedmiotowych/tezaurus: kaba
  • inst. wprow. rek. khw: WR O/KKs
  • inst. modyf. rek. khw: WA U/JPLsynat
  • inst. modyf. rek. khw: WA U/KSZ
  • inst. modyf. rek. khw: KR U/BO
  • inst. modyf. rek. khw: WA M/ES
  • inst. modyf. rek. khw: KAT U/IW
  • inst. modyf. rek. khw: TOR U/MS
  • inst. modyf. rek. khw: WA U/KSZ

043 ## - Kod obszaru geograficznego

  • ISO code: PL

046 ## - Special dates

  • Start period: 1990

110 2# - Hasło - nazwa ciała zbiorowego

  • nazwa ciała zbior. lub geogr. na pocz.: Wydawnictwo Adam Marszałek.

368 ## - Other Attributes

  • Corp type: Wydawcy.

370 ## - Associated place

  • Country: Polska.

370 ## - Associated place

  • Residence/HQ: Toruń (Polska).

377 ## - Assoc lang

  • Lang code: pol

410 0# - Trop zob. - nazwa ciała zbiorowego

  • nazwa ciała zbior. lub geogr. na pocz.: Marszałek Adam, Wydawnictwo.

410 2# - Trop zob. - nazwa ciała zbiorowego

  • nazwa ciała zbior. lub geogr. na pocz.: Marszalek Beijing Publishing Consulting Co. Ltd.

410 0# - Trop zob. - nazwa ciała zbiorowego

  • nazwa ciała zbior. lub geogr. na pocz.: Adam Marszałek, Wydawnictwo.

410 2# - Trop zob. - nazwa ciała zbiorowego

  • nazwa ciała zbior. lub geogr. na pocz.: A. Marszałek.

410 2# - Trop zob. - nazwa ciała zbiorowego

  • nazwa ciała zbior. lub geogr. na pocz.: Wydaw. Adam Marszałek.

410 2# - Trop zob. - nazwa ciała zbiorowego

  • nazwa ciała zbior. lub geogr. na pocz.: Izdatelʹstvo Adam Maršalek.

410 2# - Trop zob. - nazwa ciała zbiorowego

  • nazwa ciała zbior. lub geogr. na pocz.: Izdavačka kuća Adam Maršalek.

410 2# - Trop zob. - nazwa ciała zbiorowego

  • nazwa ciała zbior. lub geogr. na pocz.: Marszałek Development & Press.

410 2# - Trop zob. - nazwa ciała zbiorowego

  • nazwa ciała zbior. lub geogr. na pocz.: Marszałek Publishing Group.

665 ## - Nota historyczna

  • nota historyczna: Wydawnictwo Adam Marszałek zał. 09.10.1990.

670 ## - Źródło informacji

  • źródło informacji: Świat według poety / Andrzej Wołosewicz. - Toruń, 2005.

670 ## - Źródło informacji

  • źródło informacji: Wydawnictwo Adam Marszałek, 27.10.2020
  • adres internetowy: https://marszalek.com.pl/

670 ## - Źródło informacji

  • źródło informacji: pl.wikipedia, 27.10.2020
  • adres internetowy: https://pl.wikipedia.org/wiki/Wydawnictwo_Adam_Marsza%C5%82ek

670 ## - Źródło informacji

  • źródło informacji: BNPol online, 27.08.2012
  • gdzie znaleziono informację: (Wydawnictwo ADAM MARSZAŁEK ; rok zał. 1990)

670 ## - Źródło informacji

  • źródło informacji: Tretij raz v Uzbekistanie / Ivona Nadolʹska-Bartosâk. - Torunʹ, 2016

670 ## - Źródło informacji

  • źródło informacji: An̂a Vud na tragu / Zuzana Kava. - Torun̂, © copyright 2019.
  • gdzie znaleziono informację: Izdavačka kuća Adam Maršalek

670 ## - Źródło informacji

  • źródło informacji: Moja połowa kobiecości / Maria Zofia Lewandowska. - Toruń, 2019.

670 ## - Źródło informacji

  • źródło informacji: Marszałek Publishing Group's visit in Beijing and Tai'an / Bartosz Płotka. - Toruń ; Łysomice, cop. 2019.
Biblioteka Instytutu Północnego, ul. Partyzantów 87, 10-402 Olsztyn, email: biblioteka(at)ip.olsztyn.pl